00291nam a22001217a 4500003000400000082001800004100001100022245004600033260004400079300000800123650001900131653001900150SGT a617.632bC21M aMonika aComparative Clinical evaluation of ...... aGurugram, HaryanabSGT Universityc2021 a150 aPeriodontology aPeriodontology